Atlas geológico y topográfico de Asturias / (Record no. 172258)

MARC details
000 -LEADER
campo de control de longitud fija 00742nam a2200193 i 4500
001 - NÚMERO DE CONTROL
campo de control 172258
003 - IDENTIFICADOR DE NÚMERO DE CONTROL
campo de control ES-MaACL
005 - FECHA Y HORA DE LA ÚLTIMA TRANSACCIÓN
campo de control 20251203063033.0
008 - DATOS DE LONGITUD FIJA--INFORMACIÓN GENERAL
campo de control de longitud fija 090622s1858 sp |||| | spa d
100 1# - ENTRADA PRINCIPAL--NOMBRE DE PERSONA
Nombre de persona Schulz, Guillermo,
Fechas asociadas al nombre 1805-1877
9 (RLIN) 104793
245 10 - MENCIÓN DEL TÍTULO
Título Atlas geológico y topográfico de Asturias /
Mención de responsabilidad, etc. por Guillermo Schulz.
260 ## - PUBLICACIÓN, DISTRIBUCIÓN, ETC.
Lugar de publicación, distribución, etc. [S.l. :
Nombre del editor, distribuidor, etc. s.n.],
Fecha de publicación, distribución, etc. 1858 (
Fabricante Lit. G. Pfeiffer)
300 ## - DESCRIPCIÓN FÍSICA
Extensión 1 atlas (1 h. de lám., 2 h. de mapas) ;
Dimensiones 38 cm.
530 ## - NOTA DISPONIBLE DE FORMULARIO FÍSICO ADICIONAL
Nota de formato físico adicional disponible Disponible en formato digital.
650 14 - PUNTO DE ACCESO ADICIONAL DE MATERIA--TÉRMINO DE MATERIA
Término de materia o nombre geográfico como elemento de entrada Geología-
Subdivisión geográfica Asturias (Comunidad Autónoma)-
Subdivisión de forma Mapas.
9 (RLIN) 140805
852 ## - LOCALIZACIÓN
Ubicación ES-MaACL
Número de control de estantería C-1056
856 ## - LOCALIZACIÓN Y ACCESO ELECTRÓNICOS
Identificador Uniforme de Recursos <a href="http://bdh-rd.bne.es/viewer.vm?id=0000100396&page=1 ">http://bdh-rd.bne.es/viewer.vm?id=0000100396&page=1 </a>
Nota pública Biblioteca Digital Hispánica
Holdings
Estatus retirado Estado de pérdida Estado de daño No para préstamo Colección Biblioteca de origen Biblioteca actual Ubicación en estantería Fecha de adquisición Fuente de adquisición Total de préstamos Signatura topográfica completa Código de barras Visto por última vez Precio de reemplazo Tipo de ítem Koha
        Colección digital Biblioteca del Ateneo de Madrid Biblioteca del Ateneo de Madrid Sala Palomar 22/06/2009     C-1056 1180773 23/02/2023 23/02/2023 Libro impreso antiguo